Statistics for Champions League winners

Click here to take the quiz!

General Stats

  • This quiz has been taken 100 times
  • The average score is 14 of 22

Answer Stats

HintAnswer% Correct
13Real Madrid
100%
7AC Milan
93%
3Inter Milan
90%
6Liverpool
89%
6FC Bayern
85%
4Ajax
79%
1Olympique Marseille
79%
2Chelsea
77%
2Juventus
77%
5FC Barcelona
74%
1Borussia Dortmund
69%
2Porto
65%
3Man United
62%
2Benfica
51%
2Nottingham Forest
51%
1Red Star Belgrade
42%
1Hamburg
38%
1Celtic
37%
1Aston Villa
35%
1PSV Eindhoven
30%
1Feyenoord
27%
1Steaua Bucuresti
6%

Score Distribution

Percentile by Number Answered

Percent of People with Each Score

Your Score History

You have not taken this quiz